| 000 | 00826nam a2200253Ia 4500 | ||
|---|---|---|---|
| 005 | 20240530102914.0 | ||
| 008 | 140319s2007 xx 000 0 ara d | ||
| 020 | _a9773800679 | ||
| 040 |
_aGCL / _cGCL |
||
| 082 | 0 | 4 |
_a509 / _bص م |
| 100 | 1 | _aصبحى سليمان | |
| 245 | 1 | 0 |
_aالمخترعون العرب اصل الحضارة / _cصبحى سليمان |
| 260 |
_aالقاهرة : _bدار العلوم للنشر والتوزيع، _c2007 |
||
| 300 |
_a191 ص ؛ _b24 سم |
||
| 650 | 0 | 4 | _aالعلماء |
| 650 | 0 | 4 | _aالعلماء العرب |
| 650 | 0 | 4 | _aالاختراعات |
| 650 | 0 | 4 | _aالمكتشفون |
| 650 | 0 | 4 | _aالمخترعون |
| 650 | 0 | 4 | _aالطب الاسلامى |
| 650 | 0 | 4 | _aالعلم والمجتمع |
| 942 |
_2ddc _cBK |
||
| 999 |
_c35288 _d35288 |
||